[Event "Velden op"]
[Site "Velden"]
[Date "1994.??.??"]
[Round "3"]
[White "Niedermayr, Horst"]
[Black "Mufic, Goran"]
[Result "1/2-1/2"]
[WhiteElo "2245"]
[BlackElo "2315"]

1.e4 c5 2.Nf3 Nc6 3.Bb5 g6 4.O-O Bg7 5.c3 a6 6.Bxc6 dxc6 7.d3 e5 8.Be3 Qe7
9.Nbd2 Be6 10.Ng5 Rd8 11.Nxe6 Qxe6 12.Bxc5 Rxd3 13.Qe2 Rd7 14.Nc4 Bf8 15.Bxf8 Kxf8
16.Rad1 Nf6 17.Rxd7 Nxd7 18.Rd1 Kg7 19.Rd6 Qe7 20.Qd2 Nf6 21.f3 Re8 22.b4 Qc7
23.Rd3 h6 24.g3 b5 25.Ne3 Re7 26.Kg2  1/2-1/2

[Event "Velden op"]
[Site "Velden"]
[Date "1994.??.??"]
[Round "4"]
[White "Nevednichy, Vladislav"]
[Black "Borgo, Giulio"]
[Result "0-1"]
[WhiteElo "2470"]
[BlackElo "2320"]

1.e4 c5 2.Nf3 Nc6 3.Bb5 Nf6 4.e5 Nd5 5.O-O Nc7 6.Bxc6 dxc6 7.h3 g6 8.d3 Bg7
9.Re1 Ne6 10.a4 O-O 11.Nbd2 Qc7 12.a5 Bd7 13.Qe2 f5 14.exf6 exf6 15.Qe4 Nd4
16.Nxd4 Rfe8 17.Ne2 Rxe4 18.Nxe4 f5 19.Nxc5 Re8 20.c3 b6 21.axb6 axb6 22.Bf4 Be5
23.Nxd7 Qxd7 24.Bxe5 Rxe5 25.d4 Re4 26.Ra8+ Re8 27.Rea1 Qe7 28.Nf4 Rxa8 29.Rxa8+ Kg7
30.Ra1 g5 31.Nd3 Qe2 32.Ne5 Qxb2 33.Ra7+ Kf6 34.Rxh7 Qxc3 35.Rh6+ Kg7 36.Rxc6 Qa1+
37.Kh2 Qxd4 38.Nf3 Qxf2 39.Rc7+ Kg6 40.Ne5+ Kf6 41.Nd7+ Ke6 42.Nf8+ Kd6 43.Rd7+ Kc6
44.Rg7 g4 45.Rg6+ Kd5 46.hxg4 Qh4+ 47.Kg1 Qe1+ 48.Kh2 Qh4+ 49.Kg1 fxg4 50.Nd7 Qe1+
51.Kh2 Qh4+ 52.Kg1 g3 53.Nxb6+ Kd4  0-1

[Event "Velden op"]
[Site "Velden"]
[Date "1994.??.??"]
[Round "5"]
[White "Mohr, Georg"]
[Black "Skomorokhin, Roman"]
[Result "0-1"]
[WhiteElo "2435"]
[BlackElo "2395"]

1.e4 c5 2.Nf3 Nc6 3.Bb5 g6 4.Bxc6 dxc6 5.d3 Bg7 6.h3 Nf6 7.Nc3 O-O 8.Be3 b6
9.Qd2 Re8 10.e5 Nd5 11.Bh6 Nxc3 12.Bxg7 Kxg7 13.bxc3 c4 14.d4 Qd5 15.Qe3 Bf5
16.Rc1 Rad8 17.O-O Qa5 18.Nh4 Bc8 19.f4 f5 20.g4 e6 21.Kh2 Kf7 22.Rg1 Ke7
23.Nf3 Kd7 24.gxf5 exf5 25.d5 cxd5 26.Nd4 Kc7 27.a4 Bd7 28.Ra1 Qc5 29.a5 Kb7
30.Rgb1 g5 31.fxg5 Qc7 32.Re1 Re7 33.axb6 axb6 34.Kh1 Rde8 35.e6 Rxe6 36.Nxe6 Rxe6
37.Qf3 Re4 38.Rxe4 dxe4 39.Qe3 f4 40.Qd4 e3 41.Kg1 f3 42.Qe4+ Bc6 43.Qh4 Qf7
44.Qd4 f2+ 45.Kf1 e2+  0-1

[Event "Vienna op"]
[Site "Vienna"]
[Date "1994.??.??"]
[Round "1"]
[White "Weinzettl, Ernst"]
[Black "Sepetavc, Walter"]
[Result "0-1"]
[WhiteElo "2320"]
[BlackElo "2035"]

1.e4 c5 2.Nf3 Nc6 3.Bb5 g6 4.Bxc6 bxc6 5.O-O Bg7 6.Re1 e5 7.c3 Qb6 8.Na3 Ba6
9.d3 Ne7 10.Nc4 Bxc4 11.dxc4 Qc7 12.Bg5 f6 13.Be3 d6 14.Qd2 O-O 15.Red1 Rad8
16.Bh6 d5 17.exd5 cxd5 18.Bxg7 Kxg7 19.cxd5 Rxd5 20.Qe2 Rfd8 21.Rxd5 Rxd5
22.Nd2 Qd7 23.Nc4 Nf5 24.h3 h5 25.a4 Rd3 26.Re1 Qd5 27.Qe4 Rd1 28.Qxd5 Rxd5
29.Rb1 Kf7 30.a5 Ke6 31.a6 Nd6 32.Ne3 Rd2 33.b4 cxb4 34.cxb4 Nb5 35.Rc1 Rd6
36.Rc5 Nd4 37.Ra5 Kd7 38.b5 Rb6 39.Nd5 Rxb5 40.Nxf6+ Ke6 41.Rxb5 Nxb5 42.Ne4 Nc7
43.Nc3 Kd6 44.g4 Kc5 45.gxh5 gxh5 46.Ne4+ Kb6 47.Nf6 Kxa6 48.Nxh5 Kb5 49.Ng3 a5
50.Ne4 Nd5 51.Nd2 a4 52.Nb1 Kb4 53.h4 a3 54.Nxa3 Kxa3 55.Kg2 Kb4 56.Kf3 Nf6
57.h5 Kc4 58.h6 Kd4  0-1

[Event "Vienna op"]
[Site "Vienna"]
[Date "1994.??.??"]
[Round "3"]
[White "Pavasovic, Dusko"]
[Black "Waller, Helmut"]
[Result "1-0"]
[WhiteElo "2425"]
[BlackElo "2150"]

1.e4 c5 2.Nf3 Nc6 3.Bb5 e6 4.b3 Nd4 5.Nxd4 cxd4 6.O-O Nf6 7.e5 Nd5 8.Bb2 Bc5
9.Qg4 O-O 10.Bxd4 f5 11.exf6 Nxf6 12.Qh4 Qb6 13.Bxc5 Qxc5 14.Nc3 d5 15.Bd3 Bd7
16.Rae1 b5 17.Re5 Qd6 18.f4 b4 19.Ne2 Ne4 20.Ng3 g6 21.Nxe4 dxe4 22.Bxe4 Rac8
23.Qg3 Qxd2 24.Bxg6 Qd4+ 25.Kh1 Qxe5 26.Bf7+ Kxf7 27.fxe5+ Ke8 28.Rxf8+ Kxf8
29.Qd3  1-0

[Event "Vienna op"]
[Site "Vienna"]
[Date "1994.??.??"]
[Round "3"]
[White "Mahdi, Khaled"]
[Black "Zwicker, Thomas"]
[Result "1-0"]
[WhiteElo "2425"]
[BlackElo "2230"]

1.e4 c5 2.Nf3 Nc6 3.Bb5 e6 4.Bxc6 bxc6 5.O-O d5 6.Nc3 c4 7.b3 Ba6 8.Re1 Nf6
9.e5 Nd7 10.bxc4 Bxc4 11.d3 Ba6 12.Ne2 Be7 13.Ned4 Rc8 14.a4 O-O 15.Bd2 Re8
16.h3 Nf8 17.Nh2 Qc7 18.Qh5 Rb8 19.Ng4 c5 20.Nf3 Rb2 21.Rac1 Reb8 22.Bc3 Ra2
23.Nf6+ gxf6 24.exf6 d4 25.fxe7 Qxe7 26.Bd2 Bb7 27.Ne5 Bd5 28.Ng4 f5 29.Nh6+ Kh8
30.Bf4  1-0

[Event "Vienna op"]
[Site "Vienna"]
[Date "1994.??.??"]
[Round "3"]
[White "Rudolf, Henrik"]
[Black "Moser, Guenter"]
[Result "1/2-1/2"]
[WhiteElo "2245"]
[BlackElo "2315"]

1.e4 c5 2.Nf3 Nc6 3.Bb5 Qc7 4.Nc3 Nf6 5.O-O Nd4 6.Re1 e6 7.e5 Nxb5 8.Nxb5 Qc6
9.c4 a6 10.Nc3 Ng8 11.d4 cxd4 12.Qxd4 Ne7 13.Qd3 Ng6 14.h4 h5 15.Ne4 b6 16.Bd2 Bb7
17.Rad1 Qc7 18.Bc3 Rc8 19.Nfg5 Bxe4 20.Rxe4 Be7  1/2-1/2

[Event "Vienna op"]
[Site "Vienna"]
[Date "1994.??.??"]
[Round "6"]
[White "Kengis, Edvins"]
[Black "Pavasovic, Dusko"]
[Result "1-0"]
[WhiteElo "2565"]
[BlackElo "2425"]

1.e4 c5 2.Nf3 Nc6 3.Bb5 g6 4.Bxc6 dxc6 5.h3 e5 6.d3 f6 7.O-O Nh6 8.c3 Bg7
9.Be3 b6 10.d4 cxd4 11.cxd4 Nf7 12.Qc2 Qc7 13.Nc3 O-O 14.Nd5 Qb7 15.Qxc6 Qxc6
16.Ne7+ Kh8 17.Nxc6 Bb7 18.Rac1 Nd6 19.dxe5 Nxe4 20.exf6 Bxf6 21.Nce5 Rfc8
22.Rfd1 Nc5 23.b4 Bxf3 24.Nxf3 Ne4 25.Rxc8+ Rxc8 26.Rd7 Rc4 27.a3 a5 28.b5 Ra4
29.Rd3 Nc3 30.Rd6 Kg7 31.Rxb6 Rxa3 32.Rb7+ Kg8 33.b6  1-0

[Event "LTU-ch  Vilnius"]
[Site "Vilnius"]
[Date "1994.??.??"]
[Round "2"]
[White "Zapolskis, Antanas"]
[Black "Sakalauskas, Vaidas"]
[Result "1-0"]
[WhiteElo "2385"]
[BlackElo "2380"]

1.e4 c5 2.Nf3 Nc6 3.Bb5 d6 4.O-O Bd7 5.c3 Nf6 6.Qe2 a6 7.Ba4 c4 8.Bc2 b5
9.d3 cxd3 10.Bxd3 Rb8 11.Rd1 e5 12.b4 Be7 13.a4 Qb6 14.Be3 Qb7 15.axb5 axb5
16.Na3 Nd8 17.Nd2 O-O 18.Nxb5 Bxb5 19.Ra7 Bxd3 20.Qxd3 Qc8 21.Rxe7 Nc6 22.Ra7 Nxa7
23.Bxa7 Rb7 24.Be3 Qc6 25.Ra1 d5 26.exd5 Qxd5 27.Qf5 Rd8 28.c4 Qd7 29.Qxd7 Nxd7
30.b5 f5 31.g3 Rc8 32.Ra6 Rbc7 33.f3 Kf7 34.Kf2 Nc5 35.Bxc5 Rxc5 36.Ke3 Rd8
37.Ra4 Rd4 38.b6 Rd7 39.Rb4 Rc8 40.Nb3 Rb7 41.c5 Rd7 42.Rc4 Rcd8 43.Rc3 Rd4
44.c6 Rb4 45.b7 Ke7 46.c7 Rxb7 47.cxd8=Q+ Kxd8 48.Nc5 Ra7 49.Nd3 Re7 50.Rc5 e4
51.Ne5 exf3 52.Kxf3 Rb7 53.Kf4 g6 54.Kg5 Ke7 55.Rc3 Ke6 56.Nf3  1-0

[Event "LTU-ch  Vilnius"]
[Site "Vilnius"]
[Date "1994.??.??"]
[Round "12"]
[White "Novikov, Vitalij"]
[Black "Zapolskis, Antanas"]
[Result "0-1"]
[WhiteElo "2315"]
[BlackElo "2385"]

1.e4 c5 2.Nf3 Nc6 3.Bb5 e6 4.Bxc6 bxc6 5.b3 d5 6.e5 Ne7 7.d3 Ng6 8.O-O Be7
9.Bb2 O-O 10.Qe2 f6 11.Nbd2 Qa5 12.g3 Qb4 13.h3 f5 14.Nb1 Rd8 15.Ba3 Qa5
16.c4 Bd7 17.Qe1 Qa6 18.Bc1 Rab8 19.Bb2 Be8 20.Nc3 Nf8 21.Na4 Nd7 22.Ba3 Bh5
23.Nh2 Bf8 24.Bc1 h6 25.f4 Nb6 26.Nb2 Rd7 27.Qf2 Rbd8 28.Be3 dxc4 29.dxc4 Qa3
30.g4 Bg6 31.Rfd1 a5 32.Nf3 a4 33.Rxd7 Rxd7 34.bxa4 fxg4 35.hxg4 Be4 36.Ne1 Be7
37.Ng2 Nxa4 38.Nxa4 Qxa4 39.Re1 Qxc4 40.f5 Bxg2 41.Qxg2 Bh4 42.Rc1 Qd3 43.Bxc5 Rd5
44.Bf2 Rxe5 45.Rf1 Bxf2+ 46.Qxf2 exf5 47.gxf5 Re2 48.Qf4 Re4 49.Qf2 Qh3 50.Qf3 Rg4+
51.Kf2 Qh2+ 52.Ke1 Qe5+ 53.Kd2 Rd4+ 54.Kc2 Qc5+  0-1

[Event "Volgograd"]
[Site "Volgograd"]
[Date "1994.??.??"]
[Round "6"]
[White "Chachalev, Jurij"]
[Black "Volzhin, Alexander"]
[Result "1/2-1/2"]
[WhiteElo "2220"]
[BlackElo "2410"]

1.e4 c5 2.Nf3 Nc6 3.Bb5 e6 4.O-O Nge7 5.Nc3 a6 6.Bxc6 Nxc6 7.d4 cxd4 8.Nxd4 d6
9.b3 Be7 10.Bb2 O-O 11.Nce2 Nxd4 12.Nxd4 Bf6 13.Qe2 Bd7 14.c4 b5 15.Rfd1 bxc4
16.Qxc4 Qb6 17.Rab1 Rfd8 18.h3 Qb7 19.Qd3 e5 20.Ne2 Bb5  1/2-1/2

[Event "Volgograd"]
[Site "Volgograd"]
[Date "1994.??.??"]
[Round "9"]
[White "Shtyrenkov, Veniamen"]
[Black "Stripunsky, Alexander"]
[Result "1-0"]
[WhiteElo "2445"]
[BlackElo "2510"]

1.e4 c5 2.Nf3 Nc6 3.Bb5 d6 4.d4 cxd4 5.Qxd4 Bd7 6.Bxc6 Bxc6 7.Nc3 e5 8.Qd3 Be7
9.O-O h6 10.Nd2 Nf6 11.Nc4 O-O 12.Ne3 Bd7 13.a4 Rc8 14.b3 Be6 15.Bb2 a6 16.Kh1 Nh5
17.Ncd5 Nf4 18.Nxf4 exf4 19.Nd5 Bxd5 20.exd5 Bf6 21.Bxf6 Qxf6 22.c4 Rfe8
23.Rac1 Re5 24.a5 g5 25.b4 Rd8 26.Rce1 Qe7 27.Rxe5 Qxe5 28.Rd1 Re8 29.h3 Qb2
30.Qd2 Qxd2 31.Rxd2 Kf8 32.c5 Re1+ 33.Kh2 Ke7 34.Rc2 Re4 35.c6 bxc6 36.dxc6 Kd8
37.c7+ Kc8 38.Rc6 Rxb4 39.Rxd6 h5 40.Rxa6 Rc4 41.Rf6 Rc2 42.f3 Rxc7 43.Rf5 f6
44.Rxf6 h4 45.Rf5 Rg7 46.Rb5 Kc7 47.a6 Kc6 48.Ra5 Rg8 49.a7 Kb7 50.a8=Q+ Rxa8
51.Rxg5 Rh8 52.Rf5 Kc6 53.Rxf4 Kd5 54.Re4 Kd6 55.Kg1 Kd5 56.Kf2 Rh7 57.Ke3 Rh8
58.f4 Rg8 59.Re5+  1-0

[Event "Wiesbaden op"]
[Site "Wiesbaden"]
[Date "1994.??.??"]
[Round "4"]
[White "Doery, Jeno"]
[Black "Christ, Ralf"]
[Result "1/2-1/2"]
[WhiteElo "2330"]
[BlackElo "2250"]

1.e4 c5 2.Nf3 Nc6 3.Bb5 g6 4.O-O Bg7 5.c3 Nf6 6.Re1 O-O 7.d4 cxd4 8.e5 Nd5
9.cxd4 d6 10.Nc3 Nc7 11.Bxc6 bxc6 12.h3 Ne6 13.Be3 d5 14.Rc1 f5 15.exf6 exf6
16.Qd2 Qd6 17.Bh6 Bxh6 18.Qxh6 Qf4 19.Qxf4 Nxf4 20.Re3 Bd7 21.Na4 Rfe8 22.Rce1 Rxe3
23.Rxe3 Ne6 24.Rb3 Kf7 25.h4 h6 26.Rb7 Ke7 27.Kf1 g5 28.hxg5 hxg5 29.Nc5 Nxc5
30.dxc5 Kd8 31.Nd4 Kc8 32.Rb3 Kc7 33.Ra3 Kb7 34.Rf3 Rf8 35.b4 a6 36.a4 Rf7
37.Re3 Kc7 38.Ke2 Rh7 39.g3 Rf7 40.Kd3 Rh7 41.Ne6+ Kc8 42.Nd4 Kc7 43.Ne2 Rh2
44.Rf3 f5 45.Nd4 f4 46.gxf4 g4 47.Rg3 Rxf2 48.f5 Bxf5+  1/2-1/2

[Event "Wiesbaden op"]
[Site "Wiesbaden"]
[Date "1994.??.??"]
[Round "7"]
[White "Ostojic, Predrag"]
[Black "Christiansen, Larry Mark"]
[Result "0-1"]
[WhiteElo "2340"]
[BlackElo "2575"]

1.e4 c5 2.Nf3 Nc6 3.Bb5 g6 4.O-O Bg7 5.Re1 Nf6 6.h3 O-O 7.Nc3 d6 8.Bf1 e5
9.d3 h6 10.Nh2 Be6 11.Ng4 Nxg4 12.hxg4 Qd7 13.f3 Ne7 14.Be3 f5 15.gxf5 gxf5
16.exf5 Nxf5 17.Bf2 Rf6 18.Ne4 Rg6 19.c3 Rf8 20.Nd2 h5 21.f4 h4 22.fxe5 h3
23.Ne4 Bxe5 24.Qh5 Qg7  0-1

[Event "Hoogovens-B"]
[Site "Wijk aan Zee"]
[Date "1994.??.??"]
[Round "2"]
[White "Nijboer, Friso"]
[Black "Reinderman, Dimitri"]
[Result "1-0"]
[WhiteElo "2530"]
[BlackElo "2430"]

1.e4 c5 2.Nf3 Nc6 3.Bb5 g6 4.Bxc6 dxc6 5.d3 Bg7 6.Nc3 e5 7.Be3 b6 8.h3 h6
9.O-O Ne7 10.Nh2 O-O 11.Qd2 Kh7 12.Rae1 Be6 13.Ne2 c4 14.d4 exd4 15.Nxd4 Bc8
16.Rd1 Qe8 17.c3 c5 18.Ne2 Nc6 19.Ng3 Ne5 20.f4 Nd3 21.f5 Qe5 22.Rf3 h5 23.Rdf1 Bb7
24.f6 Bh8 25.Bh6 Rfe8 26.Bg7 Bxg7 27.fxg7 f6 28.Rxf6 Qxg3 29.Rf8 Rxf8 30.gxf8=Q Rxf8
31.Rxf8 Bxe4 32.Nf1 Qe5 33.Rf7+ Kg8 34.Rxa7 g5 35.Qe3 Qf4 36.Qxf4 gxf4 37.Nd2 Bd5
38.Rd7 Bf7 39.b3 Nc1 40.Nxc4 Nxa2 41.Nxb6 Nxc3 42.Na4 Ne4 43.Re7  1-0

[Event "Wrexham"]
[Site "Wrexham"]
[Date "1994.??.??"]
[Round "?"]
[White "Rayner, Francis"]
[Black "Lyrberg, Patrik"]
[Result "0-1"]
[WhiteElo "2285"]
[BlackElo "2405"]

1.e4 c5 2.Nf3 Nc6 3.Bb5 g6 4.c3 Bg7 5.d4 Qb6 6.a4 cxd4 7.O-O a6 8.Bxc6 bxc6
9.cxd4 Nf6 10.Nc3 a5 11.d5 O-O 12.dxc6 dxc6 13.Qc2 Rb8 14.Rb1 Bg4 15.Be3 Qb7
16.Nd4 e5 17.Nde2 Be6 18.Nc1 Rfc8 19.f3 Nd5 20.Bc5 Nb4 21.Qf2 Rd8 22.Be3 Rd7
23.Qh4 Nc2 24.Bf2 Bc4 25.Rd1 Rxd1+ 26.Nxd1 Na3 27.Ra1 Nc2 28.Rb1 Qd7 29.Nc3 Qd2
30.h3 h6 31.N1a2 Nb4 32.Rd1 Qxb2 33.Nxb4 axb4 34.Rd8+ Rxd8 35.Qxd8+ Kh7 36.Nd1 Qc1
37.Be3 Qa1 38.Kh2 Qxa4 39.Nf2 Be6 40.Nd3 Qd1 41.Bb6 b3 42.Ba5  0-1

[Event "Wrexham"]
[Site "Wrexham"]
[Date "1994.??.??"]
[Round "?"]
[White "Westerinen, Heikki MJ"]
[Black "Hennigan, Michael"]
[Result "1-0"]
[WhiteElo "2370"]
[BlackElo "2465"]

1.e4 c5 2.Nf3 Nc6 3.Bb5 e6 4.Bxc6 bxc6 5.O-O d5 6.d3 Nf6 7.Nbd2 Be7 8.Qe2 Nd7
9.b3 f6 10.Bb2 e5 11.Nh4 Nf8 12.exd5 cxd5 13.f4 exf4 14.Bxf6 Bg4 15.Qxe7+ Qxe7
16.Bxe7 Kxe7 17.Rxf4 Be6 18.Nf5+ Bxf5 19.Rxf5 Ke6 20.Rg5 Ng6 21.Re1+ Kd6
22.c4 dxc4 23.Ne4+ Kc6 24.Rxc5+ Kb7 25.bxc4 Rad8 26.Nc3 Rxd3 27.Rb1+ Ka8
28.Nd5 a6 29.Rc6 Ra3 30.Nc7+ Ka7 31.Rcb6  1-0

[Event "Wuerzburg op"]
[Site "Wuerzburg"]
[Date "1994.??.??"]
[Round "3"]
[White "Kveinys, Aloyzas"]
[Black "Tennstedt, Andreas"]
[Result "1-0"]
[WhiteElo "2520"]
[BlackElo "2320"]

1.e4 c5 2.Nf3 Nc6 3.Bb5 g6 4.O-O Bg7 5.c3 Nf6 6.Re1 O-O 7.d4 d5 8.e5 Ne4
9.Bxc6 bxc6 10.Nbd2 Nxd2 11.Nxd2 cxd4 12.cxd4 c5 13.dxc5 Qc7 14.Nf3 Qxc5
15.Be3 Qa5 16.Qd4 Be6 17.Qh4 f6 18.exf6 exf6 19.Bh6 Rfe8 20.Bxg7 Kxg7 21.Qd4 Bf7
22.a3 Rac8 23.Rxe8 Rxe8 24.b4 Qa6 25.h3 Re4 26.Qd2 Re2 27.Qd1 Re4 28.Nd4 Qb6
29.Nb3 Rc4 30.Qd3 Qc7 31.Qd2 Rc3 32.Nc5 Rc4 33.Rc1 a5 34.Rxc4 dxc4 35.Ne4 Qe5
36.f3 f5 37.Qc3 Qxc3 38.Nxc3 axb4 39.axb4 g5 40.Kf2 Kf6 41.Ke3 Ke5 42.Ne2 f4+
43.Kd2 Bd5 44.Kc3 h5 45.h4 gxh4 46.Ng1 Be6 47.Nh3 Bxh3 48.gxh3 Kd5 49.b5 Kc5
50.b6 Kxb6 51.Kxc4 Kc6 52.Kd4 Kd6 53.Ke4 Ke6 54.Kxf4 Kf6 55.Ke4 Ke6 56.f4 Kf6
57.f5 Kf7 58.Ke5 Ke7 59.f6+ Kf7 60.Kf5 Kf8 61.Kg6 Kg8 62.Kxh5 Kf7 63.Kg5  1-0

[Event "Wuerzburg op"]
[Site "Wuerzburg"]
[Date "1994.??.??"]
[Round "5"]
[White "Mainka, Romuald"]
[Black "Lisanti, Andre"]
[Result "0-1"]
[WhiteElo "2480"]
[BlackElo "2300"]

1.e4 c5 2.Nf3 Nc6 3.Bb5 g6 4.Bxc6 bxc6 5.O-O Bg7 6.Re1 Rb8 7.c3 Nf6 8.e5 Nd5
9.d4 cxd4 10.Qxd4 Qb6 11.Qh4 h6 12.Na3 Ba6 13.Qg3 Rb7 14.Nd4 Kf8 15.Qf3 Kg8
16.Nb3 d6 17.c4 Nb4 18.exd6 exd6 19.Bd2 c5 20.Bc3 Rd7 21.Re8+ Kh7 22.Rxh8+ Bxh8
23.Bxh8 Kxh8 24.Nd2 Bb7 25.Qf6+ Kh7 26.Re1 d5 27.Qh4 Nd3 28.Re3 Nxb2 29.h3 Nxc4
30.Naxc4 dxc4 31.Nxc4 Qb1+ 32.Kh2 Qf1 33.f3 Kg7 34.Ne5 Rd2 35.Qg3 Bd5 36.Ng4 Qa1
37.Re7 Qd4 38.Qb8 Bxf3 39.Ne3 Bxg2 40.Nxg2 Qd5 41.Qg3 Rxg2+ 42.Qxg2 Qd6+  0-1

[Event "Zalakaros op"]
[Site "Zalakaros"]
[Date "1994.??.??"]
[Round "1"]
[White "Horvath, Tamas"]
[Black "Rabovszky, Gyorgy"]
[Result "1-0"]
[WhiteElo "2475"]
[BlackElo "2150"]

1.e4 c5 2.Nf3 Nc6 3.Bb5 Na5 4.c3 a6 5.Be2 d5 6.exd5 Qxd5 7.d4 c4 8.O-O Nf6
9.Ne5 Bd7 10.Be3 e6 11.b4 cxb3 12.axb3 Nc6 13.Bf3 Qd6 14.Bf4 Nxe5 15.Bxb7 Ra7
16.Bxe5 Qb6 17.Bf3 Be7 18.Nd2 O-O 19.Nc4 Qd8 20.Ne3 Qb6 21.Re1 Rc8 22.d5 exd5
23.b4 Ne4 24.Nxd5 Qxf2+ 25.Kh1 Bc6 26.Bxe4  1-0

[Event "Zalakaros op"]
[Site "Zalakaros"]
[Date "1994.??.??"]
[Round "4"]
[White "Bardossi, Jeno"]
[Black "Czebe, Attila"]
[Result "0-1"]
[WhiteElo "2200"]
[BlackElo "2355"]

1.e4 c5 2.Nf3 Nc6 3.Bb5 Qb6 4.Nc3 Nd4 5.Nd5 Qd8 6.Nxd4 cxd4 7.Qe2 e6 8.Nf4 g6
9.O-O Bg7 10.c3 Ne7 11.Kh1 O-O 12.Qd3 Nc6 13.Ne2 e5 14.cxd4 exd4 15.Nf4 d6
16.Qb3 Kh8 17.Bc4 Ne5 18.Bd5 Ng4 19.Qf3 Qb6 20.Qb3 Qd8 21.g3 Qf6 22.Kg2 g5
23.Nh5 Qh6 24.h3 Ne3+ 25.dxe3 Qxh5 26.Rh1 f5 27.exd4 f4 28.Qf3 Qxf3+ 29.Kxf3 fxg3+
30.Kxg3 Bxd4 31.f3 Bd7 32.Bxg5 Bc6 33.Be7  0-1

[Event "Zalakaros op"]
[Site "Zalakaros"]
[Date "1994.??.??"]
[Round "6"]
[White "Bardossi, Jeno"]
[Black "Csiszar, Csaba"]
[Result "1/2-1/2"]
[WhiteElo "2200"]
[BlackElo "2340"]

1.e4 c5 2.Nf3 Nc6 3.Bb5 g6 4.Bxc6 dxc6 5.d3 Bg7 6.O-O Nf6 7.Re1 O-O 8.h3 Ne8
9.e5 Nc7 10.Nc3 Ne6 11.Ne4 f5 12.Neg5 h6 13.Nxe6 Bxe6 14.h4 Bd5 15.c4 Be6
16.Bf4 Qa5 17.Qe2 Rad8 18.Red1 Kh7 19.g3 Bf7 20.Kg2 e6 21.Rd2 Rd7 22.b3 Rfd8
23.Rad1 a6 24.Nh2 Qc7 25.Qe3 b6 26.Nf3 Rg8 27.Kh1 Bf8 28.Rg1 Be8 29.Rdd1 Rh8
30.Kg2 Kg8 31.Rd2 Rhh7 32.Kf1 Rd8 33.Ke2 Kh8 34.Rdd1 Qg7 35.Rh1  1/2-1/2

[Event "Zalakaros op"]
[Site "Zalakaros"]
[Date "1994.??.??"]
[Round "6"]
[White "Horvath, A."]
[Black "Volkmann, Friedrich"]
[Result "0-1"]
[WhiteElo "2080"]
[BlackElo "2315"]

1.e4 c5 2.Nf3 Nc6 3.Bb5 e6 4.O-O Nge7 5.Re1 a6 6.Bf1 d5 7.exd5 Qxd5 8.Nc3 Qd7
9.Na4 Qd6 10.Nb6 Rb8 11.Nc4 Qc7 12.d4 b5 13.Nce5 Nxe5 14.Nxe5 Ng6 15.g3 Bb7
16.Nxg6 hxg6 17.Bg2 Bxg2 18.Kxg2 Rd8 19.Qf3 cxd4 20.Bf4 Bd6 21.Bg5 Be7 22.Bf4 Qd7
23.Be5 f6 24.Bxd4 Qxd4 25.Rxe6 Kf7 26.Rae1 Rhe8 27.Qe2 Qd7 28.Qf3 Bc5 29.Rxe8 Rxe8
30.Rxe8 Kxe8 31.Qa8+ Kf7 32.Qxa6 g5  0-1

[Event "Zalakaros op"]
[Site "Zalakaros"]
[Date "1994.??.??"]
[Round "8"]
[White "Porubszky Angyalosine, Maria A"]
[Black "Horvath, Imre"]
[Result "1/2-1/2"]
[WhiteElo "2135"]
[BlackElo "2390"]

1.e4 c5 2.Nf3 Nc6 3.Bb5 d6 4.O-O Bd7 5.Re1 e5 6.c3 a6 7.Bxc6 Bxc6 8.d4 Qc7
9.Nbd2 b5 10.Nf1 g6 11.dxe5 dxe5 12.Qc2 Nf6 13.Bg5 Bg7 14.Rad1 O-O 15.Bxf6 Bxf6
16.Ne3 Rad8 17.Nd5 Bxd5 18.Rxd5 Rxd5 19.exd5 Bg7 20.c4 h6 21.Qe2 Rb8 22.b3 bxc4
23.Qxc4 Qd6 24.Rc1 Bf8 25.Qe4 Re8 26.Rd1 f5 27.Qa4 Rd8 28.Ne1 Bg7 29.Nc2 e4
30.g3 h5 31.Qc4 h4 32.Kg2 Kh7 33.b4 cxb4 34.Nxb4 a5 35.Nc6 Rd7 36.Nxa5 Qa3
37.Nb3 Qxa2 38.Rd2 Qb1 39.gxh4 f4 40.Nc1 e3 41.fxe3 fxe3 42.Re2 Qf5 43.Rxe3 Rxd5
44.Ne2 Rd2 45.Qe4 Qh5 46.Kg3 Bf6 47.Qb7+ Kh6 48.Qe4 Rd7 49.Qf4+ Kg7 50.Qg4 Be5+
51.Kh3 Qxg4+ 52.Kxg4 Bxh2  1/2-1/2

[Event "Ibercaja op"]
[Site "Zaragoza"]
[Date "1994.??.??"]
[Round "4"]
[White "Ruiz, J."]
[Black "Campos, Jose Felix"]
[Result "1/2-1/2"]
[WhiteElo "2250"]
[BlackElo "2255"]

1.e4 c5 2.Nf3 Nc6 3.Bb5 g6 4.O-O Bg7 5.Nc3 Nd4 6.Bc4 e6 7.Nxd4 cxd4 8.Nb5 d5
9.exd5 exd5 10.Bxd5 Ne7 11.Be4 O-O 12.d3 a6 13.Na3 Nd5 14.Nc4 Be6 15.a4 Rc8
16.Bd2 b5 17.axb5 axb5 18.Ba5 Qd7 19.Bxd5 bxc4 20.Bxc4 Bxc4 21.dxc4 Rxc4
22.Qd3 Qc6 23.c3 dxc3 24.Bxc3 Bxc3 25.bxc3 Rxc3 26.Qa6  1/2-1/2

[Event "Ibercaja op"]
[Site "Zaragoza"]
[Date "1994.??.??"]
[Round "4"]
[White "Colas, Rafael P"]
[Black "Sanchez, Manuel"]
[Result "0-1"]
[WhiteElo "2305"]
[BlackElo "2050"]

1.e4 c5 2.Nf3 Nc6 3.Bb5 g6 4.O-O Bg7 5.Bxc6 bxc6 6.Re1 e5 7.d3 d6 8.h3 Ne7
9.c3 O-O 10.d4 cxd4 11.cxd4 exd4 12.Nxd4 Qb6 13.Nb3 c5 14.Nc3 Bb7 15.Be3 f5
16.Bg5 Bf6 17.Bxf6 Rxf6 18.exf5 Qc6 19.Ne4 Kf7 20.Na5 Qxe4 21.Rxe4 Bxe4 22.Nc4 Nxf5
23.Qa4 Kg7 24.Qd7+ Rf7 25.Qe6 Re7 26.Qxe7+ Nxe7 27.Nxd6 Bd5 28.Rc1 Rd8 29.Nb5 c4
30.Nxa7 Rb8 31.b3 cxb3 32.axb3 Rb7 33.Nc8 Nxc8 34.Rxc8 Bxb3 35.Rc5 Be6 36.Rc6 Kf6
37.Rd6 h5 38.Rd4 Rb1+ 39.Kh2 Rb2 40.Kg1 Ke5 41.Ra4 Rb1+ 42.Kh2 Bd5 43.Ra6 g5
44.Rg6 Kf5 45.Rd6 Rd1 46.Rb6 h4 47.Rb8 Rf1 48.Rf8+ Ke5 49.Re8+ Kd4 50.Rf8 Be6
51.Rd8+ Ke5 52.Rd2 Bc4 53.Rb2 Kd4 54.f3 Ra1 55.Rb8 Ra5 56.Rd8+ Rd5 57.Rb8 Ke3
58.Re8+ Kf2 59.Re4 Be2 60.f4 Bf1 61.Rb4 Rd2 62.fxg5 Bxg2 63.Rxh4 Rd1 64.Rf4+ Bf3  0-1

[Event "Ibercaja op"]
[Site "Zaragoza"]
[Date "1994.??.??"]
[Round "6"]
[White "Strikovic, Aleksa"]
[Black "Pogorelov, Ruslan"]
[Result "1/2-1/2"]
[WhiteElo "2495"]
[BlackElo "2415"]

1.e4 c5 2.Nf3 Nc6 3.Bb5 g6 4.O-O Bg7 5.Re1 e5 6.Bxc6 dxc6 7.d3 Qe7 8.Nbd2 Nf6
9.Nc4 Nd7 10.Bg5 f6 11.Be3 O-O 12.c3 Rd8 13.Qb3 Nf8 14.Qa3 Be6 15.Bxc5 Qd7
16.Ne3 Qxd3 17.Rad1 Qxe4 18.Nd5 cxd5 19.Rxe4 dxe4 20.Nd2 Bf7 21.Bxf8 Bxf8
22.Qa4 b5 23.Qxe4 Bxa2 24.Qe2 Bf7 25.Ne4 Be7 26.Ra1 Bc4 27.Qf3 Kg7 28.Nd2 Bd5
29.Qe2 a6 30.g4 Rd7 31.Qe3 Bb7 32.h4 Rad8 33.Qb6 Rc8 34.Qe6 Rcc7 35.Nf1 Rd6
36.Qb3 Rcd7 37.Ne3 Bd8 38.Rd1 Rxd1+ 39.Nxd1 Bb6 40.Ne3 Bxe3 41.fxe3 Bd5 42.Qa3 Bf7
43.Qxa6 Rd1+ 44.Kf2 Rd2+ 45.Kg3 Rxb2 46.g5 fxg5 47.hxg5 b4 48.Qf6+ Kg8 49.cxb4 Rxb4
50.Qxe5 Rb6  1/2-1/2

[Event "Zuerich op"]
[Site "Zuerich"]
[Date "1994.??.??"]
[Round "?"]
[White "Rogers, Ian"]
[Black "Titz, Heimo"]
[Result "1-0"]
[WhiteElo "2560"]
[BlackElo "2330"]

1.e4 c5 2.Nf3 Nc6 3.Bb5 d6 4.O-O Bd7 5.c3 Nf6 6.Re1 a6 7.Bxc6 Bxc6 8.d4 Bxe4
9.Bg5 Bd5 10.Nbd2 cxd4 11.Nxd4 Qd7 12.Bxf6 gxf6 13.Qh5 e5 14.Ne4 Bxe4 15.Rxe4 O-O-O
16.Nf5 d5 17.Rg4 Qe6 18.Rd1 Bc5 19.b4 Bb6 20.Rg7 Rhf8 21.Rxh7 d4 22.cxd4 Qxa2
23.d5 Qxf2+ 24.Kh1 Kb8 25.Qf3 Qc2 26.Rh4 Rg8 27.Rf1 Rc8 28.Ng3 f5 29.Qxf5 Qxf5
30.Nxf5 Rc2 31.g3 Rd2 32.Ne7 Rg7 33.Rc1 a5 34.Rh8+ Ka7 35.b5 Bd4 36.Nc8+ Kb8
37.b6 Bxb6 38.Nxb6+ Ka7 39.Rb1  1-0

[Event "London SCCU op"]
[Site "London"]
[Date "1995.08.??"]
[Round "7"]
[White "Mashayekh, Majid"]
[Black "Obiamiwe, Paul"]
[Result "1/2-1/2"]
[WhiteElo "2048"]
[BlackElo "2065"]

1.e4 c5 2.Nf3 Nc6 3.Bb5 d6 4.Bxc6+ bxc6 5.O-O e5 6.d3 Nf6 7.Nbd2 Be7 8.Re1 O-O
9.Nf1 Bg4 10.h3 Bc8 11.b3 Ne8 12.Ng3 g6 13.Qd2 Ng7 14.Qh6 Ne6 15.h4 Bf6 16.Ng5 Nxg5
17.Bxg5 Bxg5 18.hxg5 f6 19.gxf6 Qxf6 20.f3 Be6 21.Kf2 Qf4 22.Rh1 Qxh6 23.Rxh6 a5
24.Rah1 Ra7 25.Ne2 a4 26.Nc3 axb3 27.axb3 Rff7 28.Re1 Kg7 29.Rhh1 Ra5 30.Ra1 Rfa7
31.Ra4 Rxa4 32.bxa4 d5 33.exd5 cxd5 34.Ra1 Ra5 35.Rb1 Ra7 36.Rb5 d4 37.Ne4 Bd7
38.Rxc5 Bxa4 39.c4 dxc3 40.Nxc3 Kf6 41.Ke3 Bd7 42.Ne4+ Ke6 43.g4 h6 44.Rc1 h5
45.gxh5 gxh5 46.Rh1 Be8 47.Rb1 Bc6 48.Rb6 Kd5 49.Rb8 Ra8 50.Rxa8 Bxa8 51.Nf6+ Ke6
52.Nxh5 Kf5 53.Ng3+ Kg5 54.Ne2 Kf5 55.Kf2 Bb7 56.Kg3 Ba6 57.Nc1  1/2-1/2

[Event "London SCCU op"]
[Site "London"]
[Date "1995.08.??"]
[Round "8"]
[White "Donovan, Nigel"]
[Black "Mashayekh, Majid"]
[Result "1/2-1/2"]
[WhiteElo "2160"]
[BlackElo "2048"]

1.e4 c5 2.Nf3 Nc6 3.Bb5 Qc7 4.O-O e6 5.Re1 d6 6.Nc3 Bd7 7.d4 cxd4 8.Nxd4 Nf6
9.Bg5 a6 10.Bxc6 bxc6 11.e5 dxe5 12.Nf3 Nd5 13.Nxe5 Bd6 14.Nxd7 Nxc3 15.bxc3 Qxd7
16.Qd4 Bf8 17.Rad1  1/2-1/2

[Event "London SCCU op"]
[Site "London"]
[Date "1995.08.??"]
[Round "9"]
[White "Hassabis, George"]
[Black "Donovan, Nigel"]
[Result "1-0"]
[WhiteElo "1648"]
[BlackElo "2160"]

1.e4 c5 2.Nf3 Nc6 3.Bb5 Qc7 4.O-O Nf6 5.Nc3 a6 6.Bxc6 Qxc6 7.d4 cxd4 8.Nxd4 Qc7
9.Re1 e5 10.Nf5 d6 11.Ne3 Be6 12.Ned5 Nxd5 13.Nxd5 Bxd5 14.Qxd5 Rc8 15.Be3 Qc6
16.Qxc6+ Rxc6 17.Rec1 Be7 18.c4 O-O 19.b3 Rfc8 20.Kf1 b5 21.cxb5 Rxc1+ 22.Rxc1 Rxc1+
23.Bxc1 axb5 24.a4 Bd8 25.Bd2 bxa4 26.bxa4 Kf8 27.a5 Ke7 28.a6 Bb6 29.Be3  1-0